Au-dela des terres infinies / (Registro nro. 33378)
[ vista simple ]
| 000 -CABECERA | |
|---|---|
| campo de control de longitud fija | 00518nam a2200169 a 4500 |
| 001 - NÚMERO DE CONTROL | |
| campo de control | 000033887 |
| 005 - FECHA Y HORA DE LA ÚLTIMA TRANSACCIÓN | |
| campo de control | 20200930070611.0 |
| 008 - DATOS DE LONGITUD FIJA--INFORMACIÓN GENERAL | |
| campo de control de longitud fija | 110914s2008 ja 000 0 spa d |
| 020 ## - NÚMERO INTERNACIONAL ESTÁNDAR DEL LIBRO | |
| Número Internacional Estándar del Libro | 9782809700145 |
| 040 ## - FUENTE DE LA CATALOGACIÓN | |
| Centro catalogador/agencia de origen | DO-SdBNP |
| Lengua de catalogación | spa |
| Centro/agencia transcriptor | BNPHU |
| 100 1# - ENTRADA PRINCIPAL--NOMBRE DE PERSONA | |
| Nombre de persona | Genyû, Sôkyû |
| 9 (RLIN) | 59323 |
| 240 10 - TÍTULO UNIFORME | |
| Título uniforme | Chuin no hana |
| 245 10 - MENCIÓN DE TÍTULO | |
| Título | Au-dela des terres infinies / |
| Mención de responsabilidad, etc. | Genyû Sôkyû ; traducción Corinne Quentin. |
| 260 ## - PUBLICACIÓN, DISTRIBUCIÓN, ETC. | |
| Lugar de publicación, distribución, etc. | Japan : |
| Nombre del editor, distribuidor, etc. | Editores Phippe Picquier, |
| Fecha de publicación, distribución, etc. | 2008. |
| 300 ## - DESCRIPCIÓN FÍSICA | |
| Extensión | 117 p. ; |
| Dimensiones | 23 cm. |
| 700 1# - PUNTO DE ACCESO ADICIONAL--NOMBRE DE PERSONA | |
| Nombre de persona | Cornne, Quentin |
| 9 (RLIN) | 59324 |
| Estado de retiro | Estado de pérdida | Restricciones de uso | No para préstamo | Código de colección | Localización permanente | Ubicación/localización actual | Ubicación en estantería | Fecha de adquisición | Número de inventario | Total de préstamos | Signatura topográfica completa | Código de barras | Fecha visto por última vez | Precio válido a partir de | Tipo de ítem Koha |
|---|---|---|---|---|---|---|---|---|---|---|---|---|---|---|---|
| Excluido de préstamo | Monografías: Libros y Folletos | General | General | En catalogación | 14.09.2011 | LF1 | 33887-10 | 25.06.2020 | 25.06.2020 | No se presta |
